000 00263nam a22001217a 4500
008 180226b xxu||||| |||| 00| 0 eng d
041 _aeng
080 _a615
100 _a5
101 _aFAR
245 _aHandbook of cardiac drugs
_cPurdy,R.E
942 _2udc
_cBK
999 _c43507
_d43507